[Event "Titled Tuesday intern op 23rd Jan Late"]
[Site "Chess.com INT"]
[Date "2024.01.23"]
[Round "3"]
[White "Trost, Edvin"]
[Black "Jing, Andrew"]
[Result "1-0"]
[WhiteElo "2418"]
[BlackElo "1953"]
[PlyCount "91"]
[EventDate "2024.01.23"]
[EventType "swiss (blitz)"]
[EventRounds "11"]
[EventCountry "USA"]
[SourceTitle "CB05_2024"]
[SourceDate "2024.01.31"]
[SourceVersion "1"]
[SourceVersionDate "2024.01.31"]
[SourceQuality "1"]

1. d4 Nf6 2. c4 g6 3. Nf3 Bg7 4. Nc3 0-0 5. e4 d6 6. h3 e5 7. d5 Na6 8. Be3 Nc5 9. Nd2 Nh5 10. g3 a5 11. Qc2 f5 12. Be2 f4 13. Bxc5 dxc5 14. g4 Nf6 15. 0-0-0 Ne8 16. h4 h6 17. h5 g5 18. Kb1 Nd6 19. Nf3 Bxg4 20. Rdg1 Bd7 21. Nh2 Kh8 22. Qd3 Qe7 23. Bg4 Be8 24. Be6 Bf7 25. Bxf7 Nxf7 26. Ng4 Nd6 27. f3 Ra6 28. a3 a4 29. Ka2 Rb8 30. Nb5 Nxb5 31. cxb5 Rd6 32. Rc1 b6 33. Rc4 Ra8 34. Qc2 Qd7 35. Rxa4 Rb8 36. Qc4 Qe8 37. Ra6 Rdd8 38. Rc1 Ra8 39. Rxa8 Rxa8 40. d6 cxd6 41. Rd1 Qe7 42. Qd5 Rd8 43. Kb3 Bf8 44. Nxe5 c4+ 45. Ka2 Rc8 46. Ng6+ 1-0

[Event "Titled Tuesday intern op 16th Jan Early"]
[Site "Chess.com INT"]
[Date "2024.01.16"]
[Round "9"]
[White "Brunello, Marina"]
[Black "Jing, Andrew"]
[Result "1-0"]
[WhiteElo "2345"]
[BlackElo "1953"]
[PlyCount "55"]
[EventDate "2024.01.16"]
[EventType "swiss (blitz)"]
[EventRounds "11"]
[EventCountry "USA"]
[SourceTitle "CB04_2024"]
[SourceDate "2023.10.16"]
[SourceVersion "1"]
[SourceVersionDate "2023.10.16"]
[SourceQuality "1"]

1. e4 e5 2. Nf3 Nc6 3. Bc4 Nf6 4. d3 Bc5 5. c3 a6 6. Bb3 d6 7. Nbd2 0-0 8. h3 Ba7 9. Nf1 Ne7 10. Ng3 Ng6 11. 0-0 Be6 12. d4 Bxb3 13. axb3 Qe7 14. b4 Rad8 15. Bg5 h6 16. Nf5 Qe6 17. d5 Qd7 18. Bxf6 gxf6 19. Nxh6+ Kh7 20. Nf5 Nf4 21. Nh2 Rg8 22. Ng4 Rg6 23. Qf3 Rdg8 24. Kh2 Qd8 25. g3 Nh5 26. b5 Rg5 27. bxa6 b5 28. Ngh6 1-0

[Event "Titled Tuesday intern op 16th Jan Late"]
[Site "Chess.com INT"]
[Date "2024.01.16"]
[Round "3"]
[White "Cervantes Landeiro, Thalia"]
[Black "Jing, Andrew"]
[Result "1-0"]
[WhiteElo "2184"]
[BlackElo "1953"]
[PlyCount "43"]
[EventDate "2024.01.16"]
[EventType "swiss (blitz)"]
[EventRounds "11"]
[EventCountry "USA"]
[SourceTitle "CB04_2024"]
[SourceDate "2023.10.16"]
[SourceVersion "1"]
[SourceVersionDate "2023.10.16"]
[SourceQuality "1"]

1. d4 Nf6 2. c4 g6 3. Nc3 Bg7 4. e4 d6 5. f4 0-0 6. Nf3 c5 7. d5 e6 8. dxe6 fxe6 9. Bd3 Nc6 10. 0-0 b6 11. Bd2 Bb7 12. f5 gxf5 13. exf5 e5 14. Bg5 Ne7 15. Bxf6 Bxf6 16. Be4 Bxe4 17. Nxe4 d5 18. cxd5 Nxd5 19. Nxf6+ Rxf6 20. Nxe5 Ne3 21. Qb3+ Qd5 22. Qxe3 1-0

[Event "Titled Tuesday intern op 16th Jan Late"]
[Site "Chess.com INT"]
[Date "2024.01.16"]
[Round "7"]
[White "Coca Cubillos, Jesus Alberto"]
[Black "Jing, Andrew"]
[Result "1/2-1/2"]
[WhiteElo "1944"]
[BlackElo "1953"]
[PlyCount "115"]
[EventDate "2024.01.16"]
[EventType "swiss (blitz)"]
[EventRounds "11"]
[EventCountry "USA"]
[SourceTitle "CB04_2024"]
[SourceDate "2023.10.16"]
[SourceVersion "1"]
[SourceVersionDate "2023.10.16"]
[SourceQuality "1"]

1. f4 d5 2. Nf3 Nf6 3. e3 c5 4. d4 Nc6 5. c3 Bf5 6. Bd3 e6 7. 0-0 h5 8. Ne5 Ne4 9. Qe2 f6 10. Nf3 c4 11. Bc2 h4 12. Qd1 h3 13. g3 Bg4 14. Nbd2 f5 15. Qe1 b5 16. Ne5 Nxe5 17. fxe5 Be7 18. a4 a6 19. Nxe4 fxe4 20. b3 Kd7 21. Bd2 Bf3 22. Bd1 Rf8 23. Bxf3 exf3 24. Qd1 g5 25. bxc4 bxc4 26. Rxf3 Rxf3 27. Qxf3 Qf8 28. Qe2 Rb8 29. e4 Qf7 30. exd5 exd5 31. Rf1 Qe6 32. Qd1 Rb2 33. a5 Ra2 34. Rf2 g4 35. Qb1 Rxa5 36. Qb7+ Ke8 37. Qb8+ Bd8 38. Bg5 Ra1+ 39. Rf1 Rxf1+ 40. Kxf1 Qf5+ 41. Bf4 Qd3+ 42. Kf2 Qc2+ 43. Kf1 Qxc3 44. Qd6 Qd3+ 45. Kf2 Qc2+ 46. Kf1 Qd1+ 47. Kf2 Qxd4+ 48. Ke2 Qe4+ 49. Kd1 Qd3+ 50. Kc1 Qf1+ 51. Kc2 Qe2+ 52. Kc1 Qf1+ 53. Kc2 Qd3+ 54. Kc1 Qc3+ 55. Kd1 Qb3+ 56. Kc1 Qc3+ 57. Kd1 Qd3+ 58. Kc1 1/2-1/2

[Event "Titled Tuesday intern op 16th Jan Late"]
[Site "Chess.com INT"]
[Date "2024.01.16"]
[Round "8"]
[White "Jing, Andrew"]
[Black "Bjelobrk, Igor"]
[Result "0-1"]
[WhiteElo "1953"]
[BlackElo "2403"]
[PlyCount "70"]
[EventDate "2024.01.16"]
[EventType "swiss (blitz)"]
[EventRounds "11"]
[EventCountry "USA"]
[SourceTitle "CB04_2024"]
[SourceDate "2023.10.16"]
[SourceVersion "1"]
[SourceVersionDate "2023.10.16"]
[SourceQuality "1"]

1. d4 e6 2. c4 b6 3. Nc3 Bb7 4. Qc2 f5 5. e4 fxe4 6. Nxe4 Bb4+ 7. Bd2 Bxd2+ 8. Nxd2 Nf6 9. Ngf3 0-0 10. Bd3 Nc6 11. a3 Ne7 12. 0-0-0 c5 13. dxc5 bxc5 14. Ne4 Bxe4 15. Bxe4 Rb8 16. Bd3 Qc7 17. h3 Rb6 18. Rhe1 Rfb8 19. Ng5 Qf4+ 20. Qd2 Qxd2+ 21. Kxd2 Rxb2+ 22. Ke3 Nc6 23. Rb1 Nd4 24. Rxb2 Rxb2 25. Rb1 Rxb1 26. Bxb1 d5 27. cxd5 exd5 28. Nf3 Nxf3 29. Kxf3 Kf7 30. Ke3 Ke6 31. Kd3 Ke5 32. Ke3 g5 33. g3 d4+ 34. Kd3 Ne4 35. Kc4 Nd2+ 0-1

[Event "Titled Tuesday intern op 16th Jan Late"]
[Site "Chess.com INT"]
[Date "2024.01.16"]
[Round "10"]
[White "Jing, Andrew"]
[Black "Dwilewicz, Katarzyna"]
[Result "1-0"]
[WhiteElo "1953"]
[BlackElo "2129"]
[PlyCount "109"]
[EventDate "2024.01.16"]
[EventType "swiss (blitz)"]
[EventRounds "11"]
[EventCountry "USA"]
[SourceTitle "CB04_2024"]
[SourceDate "2023.10.16"]
[SourceVersion "1"]
[SourceVersionDate "2023.10.16"]
[SourceQuality "1"]

1. d4 g6 2. c4 Bg7 3. e4 d6 4. Nc3 Nd7 5. g3 e5 6. Nf3 exd4 7. Nxd4 Ne7 8. Bg2 0-0 9. 0-0 c6 10. Nde2 Ne5 11. b3 f5 12. f4 Nf7 13. Bb2 fxe4 14. Bxe4 Bh3 15. Bg2 Qd7 16. Nd4 Rae8 17. Qd2 Bxg2 18. Kxg2 Bxd4 19. Qxd4 Nf5 20. Qxa7 Ne3+ 21. Kg1 Nxf1 22. Rxf1 Qe7 23. Nd1 c5 24. Qa5 Nh6 25. Qc3 Kf7 26. Qg7+ Ke6 27. Qxh6 Kd7 28. Qh3+ Kc7 29. Qg2 Qe2 30. Nc3 Qxg2+ 31. Kxg2 Kc6 32. Rf2 Re1 33. Nd5 Rfe8 34. Bc3 Rc1 35. Bb2 Rb1 36. Bf6 Ree1 37. Kh3 Rf1 38. Re2 Rbe1 39. Rd2 Rd1 40. Rxd1 Rxd1 41. Nc3 Rd2 42. g4 Rd3+ 43. Kh4 b6 44. Bh8 Rf3 45. Kg5 h6+ 46. Kxg6 Rxf4 47. h3 Rf3 48. h4 Rf8 49. Bg7 Rf4 50. Kh5 Rf3 51. Kxh6 Kd7 52. g5 Ke6 53. h5 Kf7 54. g6+ Kg8 55. Nd5 1-0

[Event "Titled Tuesday intern op 16th Jan Early"]
[Site "Chess.com INT"]
[Date "2024.01.16"]
[Round "7"]
[White "Jing, Andrew"]
[Black "Titarov, Vasilii"]
[Result "0-1"]
[WhiteElo "1953"]
[BlackElo "2208"]
[PlyCount "88"]
[EventDate "2024.01.16"]
[EventType "swiss (blitz)"]
[EventRounds "11"]
[EventCountry "USA"]
[SourceTitle "CB04_2024"]
[SourceDate "2023.10.16"]
[SourceVersion "1"]
[SourceVersionDate "2023.10.16"]
[SourceQuality "1"]

1. d4 d5 2. c4 e6 3. Nf3 a6 4. g3 Nf6 5. Bg2 dxc4 6. 0-0 Nc6 7. Nbd2 Nxd4 8. Nxc4 Nc6 9. Bf4 Nd5 10. Nfe5 Nxe5 11. Nxe5 Be7 12. e4 Nxf4 13. gxf4 Qxd1 14. Rfxd1 f6 15. Nc4 0-0 16. Rac1 Rb8 17. Na5 c5 18. e5 fxe5 19. fxe5 Rf4 20. b3 Kf7 21. Rd3 Ke8 22. Rcd1 Rb4 23. a4 Rf4 24. R1d2 Rf5 25. Re2 Rf4 26. Re4 Rxe4 27. Bxe4 Bd8 28. Nc4 Bc7 29. a5 g6 30. f4 Bd7 31. Nd6+ Bxd6 32. Rxd6 Ke7 33. Rb6 Bc8 34. Bd3 Kd8 35. Bxa6 Kc7 36. Bc4 Ra8 37. Rb5 Kc6 38. Rb6+ Kc7 39. Bxe6 Rxa5 40. Bxc8 Kxb6 41. e6 Ra8 42. Bd7 Kc7 43. Bb5 Kd6 44. Bc4 Rb8 0-1

[Event "Titled Tuesday intern op 16th Jan Late"]
[Site "Chess.com INT"]
[Date "2024.01.16"]
[Round "9"]
[White "Pourkashiyan, Atousa"]
[Black "Jing, Andrew"]
[Result "1-0"]
[WhiteElo "2270"]
[BlackElo "1953"]
[PlyCount "165"]
[EventDate "2024.01.16"]
[EventType "swiss (blitz)"]
[EventRounds "11"]
[EventCountry "USA"]
[SourceTitle "CB04_2024"]
[SourceDate "2023.10.16"]
[SourceVersion "1"]
[SourceVersionDate "2023.10.16"]
[SourceQuality "1"]

1. d4 Nf6 2. Bf4 d5 3. e3 c5 4. c3 e6 5. Nf3 Bd6 6. Bg3 Qc7 7. Bd3 Nbd7 8. Nbd2 e5 9. dxe5 Nxe5 10. Nxe5 Bxe5 11. Bxe5 Qxe5 12. Nf3 Qc7 13. Bb5+ Bd7 14. Bxd7+ Qxd7 15. Ne5 Qe6 16. Qa4+ Nd7 17. Nd3 0-0 18. 0-0 a6 19. Rad1 b5 20. Qc2 Nb8 21. Nxc5 Qb6 22. Rxd5 Rc8 23. Qf5 Nc6 24. Rd7 Rf8 25. b4 a5 26. Rb7 Qd8 27. Nd7 Re8 28. Qxb5 Re6 29. Nc5 Rh6 30. a3 axb4 31. axb4 Qh4 32. h3 Rf8 33. Nd7 Rd8 34. Ne5 Nxe5 35. Qxe5 Re6 36. Qf4 Qh5 37. b5 h6 38. b6 Rf6 39. Qg4 Qd5 40. Qd4 Qxb7 41. Qxd8+ Kh7 42. Rb1 Rg6 43. g3 Qf3 44. Qd2 Qe4 45. Rb2 Qb7 46. c4 Rxb6 47. Qd3+ g6 48. Rxb6 Qxb6 49. h4 h5 50. Kh2 Qb2 51. Kg2 Kh6 52. Qd4 Qb8 53. Qf4+ Qxf4 54. gxf4 Kg7 55. Kf3 Kf8 56. Ke4 Ke7 57. Kd5 Kf6 58. c5 Kf5 59. c6 Kg4 60. c7 Kxh4 61. c8Q f5 62. Qe6 Kg4 63. Qxg6+ Kh4 64. Qh6 Kh3 65. Ke5 Kg4 66. Kf6 h4 67. Qg6+ Kf3 68. Qxf5 Kg2 69. Qg4+ Kf1 70. Qxh4 Kg1 71. f5 Kg2 72. Ke5 Kf1 73. f6 Kg1 74. f7 Kg2 75. f8Q Kf1 76. Qg7 Ke2 77. f4 Kf1 78. Qgg3 Ke2 79. Qf2+ Kd3 80. Qh7+ Kc3 81. Qfc2+ Kb4 82. Qb7+ Ka5 83. Qa2# 1-0

[Event "Titled Tuesday intern op 16th Jan Late"]
[Site "Chess.com INT"]
[Date "2024.01.16"]
[Round "4"]
[White "Reprintsev, Alexander"]
[Black "Jing, Andrew"]
[Result "0-1"]
[WhiteElo "2234"]
[BlackElo "1953"]
[PlyCount "28"]
[EventDate "2024.01.16"]
[EventType "swiss (blitz)"]
[EventRounds "11"]
[EventCountry "USA"]
[SourceTitle "CB04_2024"]
[SourceDate "2023.10.16"]
[SourceVersion "1"]
[SourceVersionDate "2023.10.16"]
[SourceQuality "1"]

1. e4 e5 2. f4 exf4 3. Bc4 f6 4. Bxg8 Rxg8 5. Qh5+ g6 6. Qxh7 Rg7 7. Qh8 d5 8. Ne2 dxe4 9. Nxf4 Bf5 10. Nc3 Nc6 11. b3 Qd4 12. Ba3 0-0-0 13. Bxf8 Qxd2+ 14. Kf1 Qxf4+ 0-1